Statistics for U.S. General Knowledge #64

Click here to take the quiz!

General Stats

  • This quiz has been taken 7,582 times
  • The average score is 12 of 20

Answer Stats

QuestionAnswer% Correct
Whose trial against former partner Amber Heard was a major source of celebrity
gossip in 2022?
Johnny Depp
91%
What J word can come before shrimp, jet, or mortgage?Jumbo
84%
What restaurant chain has a secret formula of "11 herbs and spices"?KFC
81%
What title was held by Abigail, Dolley, and Eleanor?
First Lady of the
United States
76%
Complete the quote: "Go to jail. Go directly to jail. Do not pass Go.
Do not collect ___."
$200
73%
What was banned by the 18th amendment to the Constitution in 1919?
The sale of alcohol
73%
What was the name for the period of severe dust storms which struck the Great Plains
during the 1930s?
The Dust Bowl
70%
Whose birthday is on February 22 but is "observed" on the third Monday of February?George Washington
69%
Which character from the board game "Clue" works in academia?Professor Plum
69%
In which city would you find Bunker Hill and Beacon Hill?Boston
60%
Who did William S. Harley become business partners with in 1907?William A. Davidson
56%
What's the Spanish name for the United States?Estados Unidos
53%
Which university's athletes are known as the Blue Devils?Duke
52%
What reality TV show has aired for 16 seasons but has never actually filmed the thing
that it is supposedly hunting?
{Ghost} Hunters
50%
What two word piece of advice did Horace Greeley supposedly offer to
young men in the 19th century?
Go {West}
49%
What astronaut received a New York ticker tape parade in 1962
and another one in 1998?
John Glenn
46%
What international event was hosted at Flushing Meadows in Queens in 1939 and 1964?World's Fair
39%
In what sport did Kerri Walsh and Misty May Treanor win three Olympic gold medals?Beach volleyball
37%
What is a "Saturday night special"?A cheap handgun
34%
What industry is sometimes referred to as the "Fourth Estate"?News media
33%

Score Distribution

Percentile by Number Answered

Percent of People with Each Score

Your Score History

You have not taken this quiz